|
|
|
|
| LEADER |
00000nam0a2200000 4500 |
| 001 |
344051 |
| 005 |
20231102005625.0 |
| 010 |
|
|
|a 9785947744989
|
| 035 |
|
|
|a (RuTPU)RU\TPU\book\375025
|
| 035 |
|
|
|a RU\TPU\book\156628
|
| 090 |
|
|
|a 344051
|
| 100 |
|
|
|a 20191206d2018 m y0rusy50 ca
|
| 101 |
0 |
|
|a rus
|
| 102 |
|
|
|a RU
|
| 105 |
|
|
|a a j 001zy
|
| 200 |
1 |
|
|a Дискретная математика. Теория и практика решения задач по информатике
|e учебное пособие
|f С. М. Окулов
|
| 210 |
|
|
|a Москва
|c БИНОМ. Лаборатория знаний
|d 2018
|
| 215 |
|
|
|a 422 с.
|c ил.
|
| 225 |
1 |
|
|a Педагогическое образование
|
| 320 |
|
|
|a Литература: с. 414-415
|
| 320 |
|
|
|a Предметный указатель: с. 416-422
|
| 330 |
|
|
|a В учебном пособии даны ключевые разделы дискретной математики с практической реализацией алгоритмических решений. Книга написана на основе лекционного курса и практических занятий для студентов факультета информатики Вятского государственного гуманитарного университета, а также спецкурса, читаемого автором для школьников, занимающихся информатикой по углубленной программе. Для студентов высших учебных заведений, а также старшеклассников, углубленно изучающих информатику.
|
| 606 |
1 |
|
|a Дискретная математика
|2 stltpush
|3 (RuTPU)RU\TPU\subj\9597
|9 36814
|
| 610 |
1 |
|
|a задачи
|
| 610 |
1 |
|
|a решение
|
| 610 |
1 |
|
|a учебные пособия
|
| 610 |
1 |
|
|a информатика
|
| 610 |
1 |
|
|a комбинаторика
|
| 610 |
1 |
|
|a комбинаторные объекты
|
| 610 |
1 |
|
|a рекуррентные формулы
|
| 610 |
1 |
|
|a нерекуррентные формулы
|
| 610 |
1 |
|
|a графы
|
| 610 |
1 |
|
|a деревья
|
| 610 |
1 |
|
|a связность
|
| 610 |
1 |
|
|a циклы
|
| 610 |
1 |
|
|a покрытия
|
| 610 |
1 |
|
|a независимость
|
| 610 |
1 |
|
|a планарные графы
|
| 610 |
1 |
|
|a кратчайшие пути
|
| 610 |
1 |
|
|a сети
|
| 675 |
|
|
|a 51-022.334(076)
|v 3
|
| 700 |
|
1 |
|a Окулов
|b С. М.
|g Станислав Михайлович
|
| 801 |
|
1 |
|a RU
|b 63413507
|c 20081006
|g PSBO
|
| 801 |
|
2 |
|a RU
|b 63413507
|c 20191213
|g PSBO
|
| 900 |
|
|
|a Дискретная математика
|
| 900 |
|
|
|a Информатика
|
| 900 |
|
|
|a Дискретная математика и теория графов
|
| 900 |
|
|
|a Теория графов
|
| 942 |
|
|
|c BK
|